| 000 | 00533cam a22001577a 4500 | ||
|---|---|---|---|
| 008 | 180718b xxu||||| |||| 00| 0 eng d | ||
| 082 | _aOO3x42 L971/Si45 | ||
| 100 | _aLumley, W.G. | ||
| 245 |
_aLumley's public health acts _cby W.G. Lumley and Edmund Lumley |
||
| 250 | _a12th ed. | ||
| 260 |
_aLondon _bButterworth _c |
||
| 300 | _a-v- | ||
| 500 | _av.8: Statutory rules, orders and instruments, circulars, etc. 1951-1956: by K.T. Watson; 1838, 55p.; Rs.7125 | ||
| 650 | _aPublic Health - UK - Legislation | ||
| 700 | _aLumley, Edmund | ||
| 999 |
_c372402 _d372402 |
||